| 000 | 00911nam a2200253Ia 4500 | ||
|---|---|---|---|
| 003 | OSt | ||
| 005 | 20221005113454.0 | ||
| 006 | a|||||r|||| 00| 0 | ||
| 007 | ta | ||
| 008 | 221004b |||||||| |||| 00| 0 urd d | ||
| 020 |
_a9788192792941 (pbk) _cINR 300.00 |
||
| 024 | _a66712 | ||
| 037 |
_b1178, 22/01/2020, H.K. Prakashan _cTextual |
||
| 040 |
_aCRL _cCRL _burd |
||
| 041 |
_2urd _aurd |
||
| 082 | _aO168,3x, 153Q9 | ||
| 100 | _aਦੀਪ ਦਿਲਬਰ, ਥਦ. | ||
| 245 | 0 | _aਉਰਦੂ ਕਹਾਣੀ ਦੇ ਤਿੰਨ ਪੰਜਾਬੀ ਥੰਮ੍ਹ | |
| 260 |
_aਲੁਧਿਆਣਾ _bਦਿਲਦੀਪ ਪ੍ਰਕਾFਨ ਭਾਰਤ _c2019 |
||
| 300 |
_a447ਪ੍ਰ0 _ccm. |
||
| 650 | _aਉਰਦੂ ਸਾਹਿਤ | ||
| 942 |
_hO168,3x, 153Q9 _cTEXL _2cc |
||
| 999 |
_c1028306 _d1028306 |
||